01841cam a22003374a 450000100090000000300090000900500170001800800350003502000150007004000310008508200280011624501200014426000290026430000200029350506290031359000260094265100300096865100440099870000280104270000300107070000290110070000300112970000440115970000430120370000450124671000110129191000410130294200120134395201310135599900170148612809596DO-SdBPM20250507133611.0020506s1999 sp a 000 0dspa  a8434556944 aDO-SdBPMbspacBPMSUd e  4a946.083bH673e 199922200aHistoria de de España :bdos mundos frente a frente la conquista de América /cFeliciano Montero ... [y otros] aMadrid :bEspasa, c1999 av. ;c27 cm.b 0 av.6 : La España del siglo XVII : Los Austrias Menores, política y cultura en la edad moderna -- v. 7 : La España de la ilustración : Los Borbones y el Siglo XVIII -- v. 8 : La España de Fernando VII : La crisis del antiguo régimen (1808-1833) -- v.9 : La era de los navegantes viajes y descubrimientos -- v.10 : Restauración y regencia : La España canovista (1875-1902) -- v. 14 : La España de Juan Carlos I : Transición y democracia (1975-1999) -- v. 11 : Dos mundos frente a frente, la conquista de América -- v. 12 : República y guerra civil : La crisis de la España contempránea (1931-1939).  aInventariado, 2025/VM 4aEspañaxHistoria yXVII 4aEspaña xCivilización ySiglo XVII1 aCarr, Raymond eautor 1 aFusi, Juan Pablo eautro 1 a Palafox, Jordi eautor 1 aMontero, Felicianoeautor1 aMartínez de Velazco, Ángel eautor 1 aFernanández Díaz, Roberto eautor 1 aRicardo, Martín edirector de la obra 2 aSalvat aVMateo V. Control de calidad. BPMSU  2ddccBK 00102ddc40708CGaBPMETbBPMETd2025-05-07l0oBPMSU CG 946.083 H673e 1999pBPMSU25050006r2025-05-07tv.11w2025-05-07yBK c15039d15039